Normal view
MARC view
Entry Personal Name
001 - CONTROL NUMBER
- control field: 11655
003 - CONTROL NUMBER IDENTIFIER
- control field: ARRUPE
005 - DATE AND TIME OF LATEST TRANSACTION
- control field: 20140924175238.0
008 - FIXED-LENGTH DATA ELEMENTS
- fixed length control field: 140924|| aca||aabn | a|a d
040 ## - CATALOGING SOURCE
- Original cataloging agency: ARRUPE
- Transcribing agency: ARRUPE
100 ## - HEADING--PERSONAL NAME
- Personal name: Goodman, Lenn Evan,
- Dates associated with a name: 1944-
670 ## - SOURCE DATA FOUND
- Source citation: Work cat.: (ARRUPE)0: Goodman, Lenn Evan, 1944-, Judaism, human rights, and human values /, c1998.